zpět

Detail výsledku týmu

Stodola, Olomouc

Datum a čas kvízu

26.5 Celkem bodů Celkový počet nahraných bodů na tomto kvízu bez doplňovacích otázek.
6. Pořadí na kvízu Konečné umístění týmu na tomto kvízu.

Zaznamenané odpovědi

# Otázka Odpověď Body Výsledky
1. Jak se jmenuje tato 26letá mod... Veronika „Veve“ Přikrylová 1
2. Příznivci alternativního divad... C) automobily, autobusy a bagry 0
3. Nejvyšší soud v Jižní Koreji m... Baby Shark 0
4. Speciálem etiopských aerolinií... Lucy 0
5. Vítěz aktuálního ročníku Ligy... Paris Saint-Germain FC; Gianluigi Donnarumma 0
6. Hned v první otázce se zaměřím... 1B 2C 3D 4A 1
7. Z následujících možností vyber... A 0
8. Který z těchto výroků o prezid... B 1
9. NW Präsident byl v roce 1897 p... Tatra, Kopřivnice 1
10. Která zpěvačka nahrála skladbu... Pink 0